[Event "Beograd"]
[Site "?"]
[Date "1995.??.??"]
[Round "?"]
[White "Gelfand, B."]
[Black "Shirov, A."]
[Result "1-0"]
[WhiteElo "2685"]
[BlackElo "2695"]
[PlyCount "75"]
[EventDate "1995.??.??"]
[Source "ChessBase"]
[SourceDate "1995.10.01"]

1. c4 Nf6 2. Nc3 d5 3. cxd5 Nxd5 4. g3 g6 5. Bg2 Nxc3 6. bxc3 Bg7 7. Rb1 Nd7 8. Nf3 O-O 9. O-O Rb8 10. d4 b6 11. d5 Bb7 12. Nd4 Nc5 13. c4 e6 14. e4 c6 15. Nxc6 Bxc6 16. dxc6 Qc7 17. e5 Rbd8 18. Qc2 Bxe5 19. Bg5 f6 20. Bh6 Rfe8 21. Rbd1 Bd4 22. Bf4 e5 23. Bd5+ Kg7 24. Rxd4 exf4 25. Rxf4 Re5 26. Rd4 Rde8 27. Bf3 Rf5 28. Qc3 Re7 29. Rfd1 h5 30. h4 Qe5 31. Qa3 Qe6 32. Rd6 Qxc4 33. Rd7 Rfe5 34. Rxa7 Kh6 35. Rxe7 Rxe7 36. Qb2 Ne4 37. Bxe4 Qxe4 38. Qxf6 1-0

[Event "Fontys Chess Tournam"]
[Site "Fontys Chess Tournam"]
[Date "1996.??.??"]
[Round "11"]
[White "Gelfand, Boris"]
[Black "Polgar, Judit"]
[Result "1/2-1/2"]
[WhiteElo "2700"]
[BlackElo "2675"]
[PlyCount "29"]
[EventDate "1996.??.??"]
[Source "www.chesslib.no"]
[SourceDate "2004.05.04"]

1. c4 Nf6 2. Nc3 d5 3. cxd5 Nxd5 4. g3 g6 5. Bg2 Nf6 6. Nf3 Bg4 7. O-O Bxf3 8. d4 c6 9. d5 cxd5 10. Qxd5 Qc8 11. Bg5 Ng8 12. e4 a5 13. a3 f6 14. a4 Bxg2 15. Nb5 1/2-1/2

[Event "XX.ch /bli"]
[Site "Leningrad XX.ch /bli"]
[Date "1973.??.??"]
[Round "?"]
[White "Korchnoi, Viktor L"]
[Black "Taimanov, Mark E"]
[Result "1-0"]
[WhiteElo "2650"]
[BlackElo "2585"]
[PlyCount "77"]
[EventDate "1973.??.??"]
[Source "www.chesslib.no"]
[SourceDate "2004.05.04"]

1. c4 Nf6 2. Nc3 d5 3. cxd5 Nxd5 4. g3 g6 5. Bg2 Nxc3 6. bxc3 Bg7 7. Rb1 Nd7 8. d4 O-O 9. e3 Nb6 10. Ne2 Rb8 11. O-O Bd7 12. Nf4 Qe8 13. Nd3 Bc6 14. e4 Bb5 15. Re1 Na4 16. Qc2 c5 17. c4 Ba6 18. dxc5 Rc8 19. Be3 b6 20. Nb4 Bb7 21. cxb6 Nxb6 22. c5 Na4 23. Nd5 Ba8 24. Nxe7+ Qxe7 25. Qxa4 Rfd8 26. Rbd1 h6 27. Rxd8+ Rxd8 28. Rd1 Rxd1+ 29. Qxd1 Bxe4 30. c6 Bxg2 31. Kxg2 a5 32. Qd5 a4 33. Bc5 Qc7 34. Qd7 Be5 35. Qxc7 Bxc7 36. Kf3 f5 37. Be3 h5 38. Bf4 Ba5 39. c7 1-0

[Event "Corr"]
[Site "?"]
[Date "2000.09.30"]
[Round "?"]
[White "Bjuhr Arne"]
[Black "Nimtz Manfred"]
[Result "1/2-1/2"]
[WhiteElo "2540"]
[BlackElo "2627"]
[PlyCount "63"]
[EventDate "2000.??.??"]
[Source "www.chesslib.no"]
[SourceDate "2004.05.04"]

1. c4 Nf6 2. Nc3 d5 3. cxd5 Nxd5 4. g3 g6 5. Bg2 Nxc3 6. bxc3 Bg7 7. Rb1 Nd7 8. Nf3 O-O 9. O-O c5 10. c4 Rb8 11. d3 b6 12. Bg5 h6 13. Bd2 Bb7 14. Qc1 Kh7 15. a4 e5 16. a5 Qe7 17. axb6 axb6 18. Bc3 e4 19. Bxg7 Kxg7 20. dxe4 Bxe4 21. Rb3 Rfe8 22. Rd1 Rbd8 23. h3 Qf6 24. Re3 Bc6 25. Nh2 h5 26. Bxc6 Qxc6 27. Nf3 Nf6 28. Rxd8 Rxd8 29. Qb2 Kg8 30. Re7 Rd7 31. Re3 Rd8 32. Re7 1/2-1/2

[Event "Dubai op"]
[Site "Dubai"]
[Date "2002.04.19"]
[Round "5"]
[White "Istratescu, Andrei"]
[Black "Goloshchapov, Alexander"]
[Result "0-1"]
[WhiteElo "2606"]
[BlackElo "2543"]
[PlyCount "182"]
[EventDate "2002.04.15"]
[Source "ChessBase"]
[SourceDate "2002.05.03"]

1. c4 Nf6 2. Nc3 d5 3. cxd5 Nxd5 4. Nf3 g6 5. e4 Nxc3 6. dxc3 Qxd1+ 7. Kxd1 f6 8. Be3 e5 9. Nd2 Nd7 10. Nb3 h5 11. f3 Bh6 12. Bf2 b6 13. a4 a5 14. Kc2 Ke7 15. Bc4 Nf8 16. Nd2 Ne6 17. Nf1 Ba6 18. Bxa6 Rxa6 19. Ne3 Bxe3 20. Bxe3 h4 21. Rhd1 g5 22. Rd2 Rd8 23. Rxd8 Nxd8 24. b4 Ra8 25. Kb3 Nb7 26. Rd1 Ke6 27. Bf2 Ke7 28. Rd5 Ke6 29. Rd3 Ke7 30. Rd2 Ke6 31. b5 Rc8 32. c4 c5 33. bxc6 Rxc6 34. Rd5 Nc5+ 35. Bxc5 Rxc5 36. Kc3 Ke7 37. g3 hxg3 38. hxg3 Ke6 39. Rd1 Rc6 40. Rb1 Kd7 41. Rb5 Kc7 42. Rd5 Rc5 43. Rd2 Rc6 44. Rd1 Rd6 45. Rd5 Rc6 46. Kd3 Rc5 47. Kc3 Rc6 48. Rd1 Rd6 49. Rh1 Kc6 50. Rh7 Rd1 51. Rf7 Rd6 52. Rf8 Kc5 53. Rc8+ Rc6 54. Rh8 Rd6 55. Rf8 Kc6 56. Rc8+ Kb7 57. Rh8 Kc6 58. Rh1 Rd4 59. Rh6 Kc5 60. Rxf6 Rxc4+ 61. Kb3 Rb4+ 62. Ka3 Rd4 63. Kb3 Rb4+ 64. Ka3 Rd4 65. Kb3 g4 66. fxg4 Rxe4 67. Re6 Rb4+ 68. Kc3 Rxa4 69. Rxe5+ Kc6 70. Rg5 Ra3+ 71. Kc4 b5+ 72. Kd4 b4 73. Re5 Kb6 74. g5 Rxg3 75. Kc4 Rc3+ 76. Kd4 Rg3 77. Kc4 Rc3+ 78. Kd4 a4 79. g6 a3 80. g7 Rc8 81. Rf5 a2 82. Rf1 Kb5 83. Kd3 Ka4 84. Rf7 Kb3 85. Rf8 Rc3+ 86. Ke2 a1=Q 87. g8=Q+ Kb2 88. Qg7 Qh1 89. Qe5 Qh2+ 90. Qxh2 Rc2+ 91. Kd3 Rxh2 0-1

[Event "Pula CRO"]
[Site "Pula CRO"]
[Date "1988.??.??"]
[Round "?"]
[White "Sokolov, Ivan"]
[Black "Popovic, Petar"]
[Result "1-0"]
[WhiteElo "2570"]
[BlackElo "2570"]
[PlyCount "79"]
[EventDate "1988.??.??"]
[Source "www.chesslib.no"]
[SourceDate "2004.05.04"]

1. c4 Nf6 2. Nc3 d5 3. cxd5 Nxd5 4. g3 g6 5. Bg2 Nb6 6. d3 Bg7 7. Be3 Nc6 8. Nf3 h6 9. Qd2 Kf8 10. Rd1 Kg8 11. a3 e5 12. h4 Nd4 13. Bxd4 exd4 14. Ne4 a5 15. Rc1 Nd5 16. Qc2 Kh7 17. Qc5 c6 18. Qd6 Qe8 19. O-O Bg4 20. Rfe1 f5 21. Neg5+ hxg5 22. Nxg5+ Kh6 23. Bxd5 cxd5 24. Rc7 Rc8 25. Re7 Bf8 26. Rxe8 Bxd6 27. Rxh8+ Rxh8 28. Nf7+ Kg7 29. Nxd6 f4 30. Nb5 fxg3 31. fxg3 Kf6 32. Nxd4 Ke5 33. e3 Rc8 34. Rf1 b6 35. Kg2 Rc7 36. Rf4 Bd1 37. g4 a4 38. h5 gxh5 39. Rf5+ Kd6 40. Nb5+ 1-0

[Event "Mar del Plata ARG"]
[Site "Mar del Plata ARG"]
[Date "1971.??.??"]
[Round "?"]
[White "Najdorf, Miguel"]
[Black "Savon, Vladimir A"]
[Result "1/2-1/2"]
[WhiteElo "2560"]
[BlackElo "2570"]
[PlyCount "28"]
[EventDate "1971.??.??"]
[Source "www.chesslib.no"]
[SourceDate "2004.05.04"]

1. c4 Nf6 2. Nc3 d5 3. cxd5 Nxd5 4. g3 g6 5. Bg2 Nb6 6. Nf3 Bg7 7. O-O Nc6 8. d3 O-O 9. Bd2 e5 10. Qc1 Qe7 11. Re1 Be6 12. Ne4 Rad8 13. d4 a5 14. Nc5 Bc8 1/2-1/2

[Event "BRD"]
[Site "?"]
[Date "1987.??.??"]
[Round "?"]
[White "Ribli, Z."]
[Black "Gutman, L."]
[Result "1-0"]
[WhiteElo "2580"]
[BlackElo "2530"]
[PlyCount "81"]
[EventDate "1987.??.??"]
[Source "ChessBase"]
[SourceDate "1987.07.01"]

1. c4 Nf6 2. Nc3 d5 3. cxd5 Nxd5 4. g3 Nxc3 5. bxc3 g6 6. Bg2 Bg7 7. Nf3 O-O 8. O-O Nd7 9. Rb1 Nb6 10. Ng5 Qd7 11. Qb3 Qg4 12. Nf3 Be6 13. Qc2 Qc4 14. Ng5 Bg4 15. Bxb7 Rab8 16. Bf3 Bxf3 17. exf3 h6 18. Nh3 Nd5 19. Rb3 f5 20. Ba3 Rfd8 21. Re1 Bf6 22. d3 Qc6 23. c4 Rxb3 24. axb3 g5 25. d4 e6 26. Re2 Nb6 27. d5 exd5 28. Qxf5 Bg7 29. c5 Nc8 30. f4 Qa6 31. Re6 Qxa3 32. fxg5 h5 33. g6 Qxc5 34. Qf7+ Kh8 35. Re5 Qc1+ 36. Kg2 Qh6 37. Re8+ Rxe8 38. Qxe8+ Bf8 39. Qxc8 Qg7 40. Nf4 Qe7 41. Ne6 1-0

[Event "BL"]
[Site "?"]
[Date "1987.??.??"]
[Round "?"]
[White "Ribli, Zoltan"]
[Black "Gutman, Lev"]
[Result "1-0"]
[WhiteElo "2580"]
[BlackElo "2530"]
[PlyCount "31"]
[EventDate "1987.??.??"]
[Source "www.chesslib.no"]
[SourceDate "2004.05.04"]

1. c4 Nf6 2. Nc3 d5 3. cxd5 Nxd5 4. g3 Nxc3 5. bxc3 g6 6. Bg2 Bg7 7. Nf3 O-O 8. O-O Nd7 9. Rb1 Nb6 10. Ng5 Bd7 11. Rb3 Bg4 12. Bxb7 Rb8 13. Bf3 Bxf3 14. exf3 h6 15. Nh3 Nd5 16. a3 1-0

[Event "ISR-ch"]
[Site "Jerusalem"]
[Date "1996.??.??"]
[Round "8"]
[White "Psakhis, Lev"]
[Black "Mikhalevski, Victor"]
[Result "1/2-1/2"]
[WhiteElo "2590"]
[BlackElo "2500"]
[PlyCount "36"]
[EventDate "1996.10.26"]
[Source "ChessBase"]

1. c4 Nf6 2. Nc3 d5 3. cxd5 Nxd5 4. g3 g6 5. Bg2 Nb6 6. d3 Bg7 7. Be3 Nc6 8. Bxc6+ bxc6 9. Qc1 h5 10. Nf3 Bg4 11. Nd2 Nd5 12. Nxd5 cxd5 13. Qc6+ Kf8 14. h3 Bf5 15. d4 Rb8 16. Nb3 Rb6 17. Qc5 c6 18. Qc3 f6 1/2-1/2

[Event "Coventry Open"]
[Site "?"]
[Date "2005.03.28"]
[Round "9"]
[White "Conquest Stuart"]
[Black "Areshchenko Alexander"]
[Result "1/2-1/2"]
[WhiteElo "2513"]
[BlackElo "2570"]
[PlyCount "85"]
[EventDate "2005.??.??"]
[Source "www.chesslib.no"]
[SourceDate "2004.05.04"]

1. c4 Nf6 2. Nc3 d5 3. cxd5 Nxd5 4. g3 Nb6 5. Bg2 g6 6. d3 Bg7 7. Be3 Nc6 8. Qd2 Nd4 9. Nf3 e5 10. h4 h5 11. Rc1 c6 12. O-O Bg4 13. Ng5 O-O 14. Kh2 Qe7 15. Rce1 Rad8 16. Qc1 Nd7 17. Nge4 Nc5 18. Nxc5 Qxc5 19. Bh6 Nb5 20. Bxg7 Kxg7 21. Qd2 Nxc3 22. bxc3 Rfe8 23. Rb1 Rd7 24. Qb2 Kg8 25. Kg1 Red8 26. Qc2 Bf5 27. Rb2 b6 28. a4 Rc7 29. Ra1 Be6 30. c4 Qa5 31. Qc1 Kg7 32. Kf1 f6 33. Qe1 Qc5 34. Qb4 Qd4 35. Kg1 c5 36. Qa3 g5 37. hxg5 h4 38. gxf6+ Kxf6 39. Be4 Bf5 40. e3 Qd6 41. a5 Bxe4 42. dxe4 Rg7 43. Qc3 1/2-1/2

[Event "Metz op 14th"]
[Site "?"]
[Date "1996.??.??"]
[Round "?"]
[White "Eingorn Vereslav S"]
[Black "Finkel Alexander"]
[Result "1/2-1/2"]
[WhiteElo "2580"]
[BlackElo "2500"]
[PlyCount "36"]
[EventDate "1996.??.??"]
[Source "www.chesslib.no"]
[SourceDate "2004.05.04"]

1. c4 Nf6 2. Nc3 d5 3. cxd5 Nxd5 4. g3 g6 5. Bg2 Nb6 6. d3 Bg7 7. Be3 Nc6 8. Rc1 Nd4 9. h4 h6 10. Nf3 e5 11. Ne4 O-O 12. Qd2 Kh7 13. h5 g5 14. Nfxg5+ hxg5 15. h6 Bf6 16. Nxf6+ Qxf6 17. Rh5 c6 18. Rxg5 Rg8 1/2-1/2

[Event "ISR-ch"]
[Site "Ramat Aviv/Modiin"]
[Date "2000.12.22"]
[Round "6"]
[White "Finkel, Alexander"]
[Black "Sutovsky, Emil"]
[Result "1-0"]
[WhiteElo "2467"]
[BlackElo "2609"]
[PlyCount "123"]
[EventDate "2000.12.17"]
[Source "ChessBase"]
[SourceDate "2001.03.20"]

1. c4 Nf6 2. Nc3 d5 3. cxd5 Nxd5 4. Nf3 g6 5. e4 Nxc3 6. dxc3 Qxd1+ 7. Kxd1 f6 8. Bc4 e5 9. Be3 Nd7 10. Ke2 Nc5 11. Nd2 Bd7 12. f3 a5 13. Rhc1 b5 14. Bb3 Bd6 15. Bxc5 Bxc5 16. a4 Ke7 17. axb5 Bxb5+ 18. Bc4 Bc6 19. Ra2 a4 20. Bd5 Bxd5 21. exd5 Kd6 22. Ne4+ Kxd5 23. Nxf6+ Kc4 24. Ne4 Bb6 25. Rca1 Kb5 26. Kd3 Rhd8+ 27. Kc2 Ra5 28. Rd1 Rxd1 29. Kxd1 Kc4 30. Kc2 Be3 31. h3 Kd5 32. Kd3 Bc1 33. c4+ Kc6 34. b4 Ra8 35. Kc2 Be3 36. Nc3 a3 37. Nb1 Rb8 38. Rxa3 Bd4 39. Ra6+ Kd7 40. b5 e4 41. fxe4 Rf8 42. Kd3 Be5 43. Nd2 Rf2 44. Nf3 Bg3 45. Ng5 Bh4 46. Ne6 Rxg2 47. Nc5+ Ke8 48. e5 Be7 49. Ne4 Rh2 50. c5 Rxh3+ 51. Kc4 Bd8 52. Ra8 Ke7 53. Nd6 Rh1 54. Nb7 Rc1+ 55. Kd4 Rd1+ 56. Ke4 Re1+ 57. Kd5 Rd1+ 58. Kc6 h5 59. Nxd8 h4 60. Kb7 g5 61. Nc6+ Ke6 62. Rh8 1-0

[Event "Karadjordje Serbia"]
[Site "Topola"]
[Date "2004.05.08"]
[Round "5"]
[White "Damljanovic, Branko"]
[Black "Jeremic, Veljko"]
[Result "1/2-1/2"]
[WhiteElo "2583"]
[BlackElo "2490"]
[PlyCount "118"]
[EventDate "2004.05.04"]
[Source "ChessBase"]
[SourceDate "2004.07.27"]

1. c4 Nf6 2. Nc3 d5 3. cxd5 Nxd5 4. g3 g6 5. Bg2 Nxc3 6. bxc3 Bg7 7. Rb1 Nd7 8. Nf3 O-O 9. O-O c5 10. c4 Qc7 11. d3 Rb8 12. Bb2 b6 13. Bxg7 Kxg7 14. Qd2 Bb7 15. Qc3+ Kg8 16. Ne1 Ne5 17. f4 Ng4 18. Bxb7 Rxb7 19. Ng2 Qd6 20. h3 Nf6 21. g4 Rd8 22. Rf2 a6 23. a4 b5 24. axb5 axb5 25. cxb5 Qd4 26. Qc4 Qxc4 27. dxc4 Ne4 28. Ne3 Rd4 29. Rg2 Nd6 30. Rc1 Rxf4 31. Rf2 Re4 32. Rc3 Ra7 33. Rf1 Ra2 34. Re1 Rb2 35. Kf1 Rf4+ 36. Kg1 Re4 37. Kf1 f5 38. gxf5 gxf5 39. Kf2 f4 40. Nd5 Kf7 41. Nb6 Re6 42. Kf3 Ne4 43. Rd3 Nd2+ 44. Rxd2 Rxd2 45. Nd5 Rb2 46. Nxf4 Rd6 47. Rc1 Rh6 48. Ke4 Rd6 49. e3 Rb3 50. Rc2 e6 51. Ke5 Ke7 52. e4 Re3 53. Ra2 Rd4 54. Ra7+ Ke8 55. Kf6 Rf3 56. Ke5 Re3 57. Kf6 Rf3 58. Ke5 Re3 59. Kf6 Rf3 1/2-1/2

[Event "Givatayim"]
[Site "?"]
[Date "2004.??.??"]
[Round "?"]
[White "Lerner, K."]
[Black "Mikhalevski, V."]
[Result "1/2-1/2"]
[WhiteElo "2500"]
[BlackElo "2565"]
[PlyCount "72"]
[EventDate "2004.??.??"]
[Source "Chess Informant"]
[SourceDate "2004.10.01"]

1. c4 Nf6 2. Nc3 d5 3. cxd5 Nxd5 4. g3 g6 5. Bg2 Nxc3 6. bxc3 Bg7 7. Rb1 Nd7 8. Qc2 c6 9. Nf3 Qa5 10. O-O O-O 11. c4 Nc5 12. d3 e5 13. Bd2 Qa4 14. Qxa4 Nxa4 15. Rfc1 Re8 16. c5 e4 17. dxe4 Rxe4 18. e3 Bf8 19. Nd4 Re8 20. Nxc6 Nxc5 21. Nd4 Rb8 22. Bb4 Ne6 23. Nb5 Bxb4 24. Rxb4 a5 25. Rb2 b6 26. Nd6 Rd8 27. Nc4 Ba6 28. Rxb6 Rxb6 29. Nxb6 Rd2 30. Bd5 Ng5 31. Kg2 Bd3 32. Nc4 Rxa2 33. Nd6 Rd2 34. h4 Ne6 35. Rc8+ Kg7 36. Ne8+ Kf8 1/2-1/2

[Event "BL2-Nord 0102"]
[Site "Germany"]
[Date "2002.03.17"]
[Round "7.1"]
[White "Agrest, Evgenij"]
[Black "Zezulkin, Jurij"]
[Result "1-0"]
[WhiteElo "2529"]
[BlackElo "2529"]
[PlyCount "73"]
[EventDate "2001.10.07"]
[Source "ChessBase"]
[SourceDate "2002.07.08"]

1. c4 Nf6 2. Nc3 d5 3. cxd5 Nxd5 4. g3 g6 5. Bg2 Nb6 6. d3 Bg7 7. Be3 Nc6 8. Bxc6+ bxc6 9. Qc1 c5 10. Bh6 Bxh6 11. Qxh6 Bb7 12. f3 Qd4 13. Nh3 O-O-O 14. Qf4 e5 15. Qxd4 exd4 16. Ne4 c4 17. Kf2 cxd3 18. exd3 Rhe8 19. Rhe1 Na4 20. b3 Nc3 21. Nc5 h6 22. Nf4 a5 23. a3 Bc6 24. Rac1 g5 25. Nh5 Rxe1 26. Rxe1 Rd5 27. b4 axb4 28. axb4 Na2 29. Nf6 Rf5 30. Ng4 Rxf3+ 31. Kg1 Nxb4 32. Rb1 Nd5 33. Nxh6 Re3 34. Nf5 Nc3 35. Nxe3 Nxb1 36. Nf5 g4 37. Ne7+ 1-0

[Event "Las Palmas op"]
[Site "?"]
[Date "1996.??.??"]
[Round "4"]
[White "Razuvaev Yuri S"]
[Black "Fernandez Garcia Jose Luis"]
[Result "1/2-1/2"]
[WhiteElo "2560"]
[BlackElo "2490"]
[PlyCount "37"]
[EventDate "1996.??.??"]
[Source "www.chesslib.no"]
[SourceDate "2004.05.04"]

1. c4 Nf6 2. Nc3 d5 3. cxd5 Nxd5 4. Nf3 g6 5. Qa4+ Bd7 6. Qh4 Nxc3 7. Qd4 f6 8. Qxc3 e5 9. e4 Nc6 10. a3 Qe7 11. Bb5 Nd4 12. Bxd7+ Qxd7 13. Nxd4 exd4 14. Qc4 a5 15. d3 Ra6 16. O-O a4 17. b4 axb3 18. Rb1 Bxa3 19. Bxa3 1/2-1/2

[Event "AZ Sanace Cup"]
[Site "Olomouc"]
[Date "1998.08.12"]
[Round "5"]
[White "Stohl, Igor"]
[Black "Oral, Tomas"]
[Result "1/2-1/2"]
[WhiteElo "2540"]
[BlackElo "2510"]
[PlyCount "35"]
[EventDate "1998.08.08"]
[Source "ChessBase"]
[SourceDate "1998.11.30"]

1. c4 Nf6 2. Nc3 d5 3. cxd5 Nxd5 4. g3 g6 5. Bg2 c6 6. Nf3 Bg7 7. O-O e5 8. d3 O-O 9. Bg5 f6 10. Bd2 Be6 11. a3 a5 12. Ne4 Qe7 13. Qc2 Nd7 14. d4 exd4 15. Nxd4 Bf7 16. Nc3 Nxc3 17. Bxc3 f5 18. e4 1/2-1/2

[Event "Berliner Sommer 16th"]
[Site "Berlin"]
[Date "1998.??.??"]
[Round "7"]
[White "Lerner, Konstantin Z"]
[Black "Naumann, Alexander"]
[Result "1/2-1/2"]
[WhiteElo "2580"]
[BlackElo "2465"]
[PlyCount "122"]
[EventDate "1998.08.08"]
[Source "ChessBase"]
[SourceDate "1998.11.06"]

1. c4 Nf6 2. Nc3 d5 3. cxd5 Nxd5 4. g3 g6 5. Bg2 Nb6 6. d3 Bg7 7. Be3 O-O 8. Qd2 N8d7 9. Bh6 c6 10. h4 e5 11. Bxg7 Kxg7 12. h5 Qe7 13. Nf3 Nf6 14. hxg6 fxg6 15. Ng5 Bf5 16. e4 Be6 17. f4 Bg4 18. Bh3 h6 19. Bxg4 Nxg4 20. Nf3 exf4 21. gxf4 Qf6 22. Ne2 Rad8 23. Rc1 Nd7 24. Rg1 h5 25. Qc3 Qxc3+ 26. Rxc3 c5 27. Ng5 Rfe8 28. Ra3 a6 29. Rb3 b6 30. Nc3 c4 31. dxc4 b5 32. Ke2 Nc5 33. cxb5 Nxb3 34. axb3 axb5 35. Nxb5 Re7 36. Rc1 Nf6 37. Rc4 h4 38. Nd4 Rde8 39. e5 Nd5 40. Kf3 Kh6 41. Rc5 Nb4 42. Ke4 Kh5 43. Rc4 Rb7 44. Rc1 Na6 45. Ngf3 h3 46. Rh1 Nc5+ 47. Ke3 Kh6 48. Rxh3+ Kg7 49. Rg3 Kf7 50. Ng5+ Kg8 51. Ne4 Nxe4 52. Kxe4 Kf7 53. Rc3 Rd8 54. Rc4 Rh8 55. Rc6 Rh2 56. Rf6+ Kg7 57. Ne6+ Kh7 58. Nf8+ Kg7 59. Nxg6 Rb4+ 60. Kf5 Rh5+ 61. Kg4 Rxe5 1/2-1/2

[Event "TCh-RUS, Tomsk RUS"]
[Site "?"]
[Date "2001.??.??"]
[Round "1"]
[White "Kotsur, P."]
[Black "Korniushin, N."]
[Result "1-0"]
[WhiteElo "2575"]
[BlackElo "2470"]
[PlyCount "85"]
[EventDate "2001.??.??"]
[Source "www.chesslib.no"]
[SourceDate "2004.05.04"]

1. c4 Nf6 2. Nc3 d5 3. cxd5 Nxd5 4. g3 g6 5. Bg2 Nxc3 6. bxc3 Bg7 7. Rb1 Nc6 8. Nf3 O-O 9. O-O Na5 10. Qc2 c5 11. Rd1 Bd7 12. d3 Qe8 13. Re1 Ba4 14. Qb2 Rc8 15. Be3 Qd7 16. Qa3 b6 17. c4 Bc6 18. Bd2 Bxf3 19. Bxf3 Nxc4 20. dxc4 Qxd2 21. Qxa7 Bf6 22. Red1 Qc2 23. Rdc1 Qd2 24. Rf1 Qa5 25. Qxa5 bxa5 26. Rb5 Bc3 27. a3 Rb8 28. Rfb1 Rxb5 29. cxb5 Be5 30. b6 Rb8 31. Rb5 Bd6 32. b7 c4 33. Rxa5 c3 34. Ra4 c2 35. Rc4 Bxa3 36. Rxc2 Bd6 37. e3 Kg7 38. Kf1 Kf6 39. Rc8 e6 40. Ke2 Ke7 41. Kd3 Kd7 42. Bc6+ Ke7 43. Kc4 1-0

[Event "Deutschland"]
[Site "?"]
[Date "2002.11.17"]
[Round "2.3"]
[White "Rotstein Arkadij"]
[Black "Ernst Sipke"]
[Result "1-0"]
[WhiteElo "2544"]
[BlackElo "2497"]
[PlyCount "62"]
[EventDate "2002.??.??"]
[Source "www.chesslib.no"]
[SourceDate "2004.05.04"]

1. c4 Nf6 2. Nc3 d5 3. cxd5 Nxd5 4. Qb3 Nb6 5. Nf3 Nc6 6. d4 e5 7. Nxe5 Nxe5 8. dxe5 Be6 9. Qc2 Qd4 10. Qe4 Qxe4 11. Nxe4 O-O-O 12. a3 Nc4 13. Ng5 Nxe5 14. Nxe6 fxe6 15. g3 Bc5 16. Bh3 Rhe8 17. O-O Nc6 18. b4 Bb6 19. e3 a5 20. Bb2 Re7 21. Rfc1 Rd3 22. Bc3 Kb8 23. Rab1 axb4 24. axb4 g6 25. Bg2 Rdd7 26. b5 Na5 27. Bxa5 Bxa5 28. Be4 Rd2 29. Rd1 Kc8 30. Rb3 Ra2 31. h4 Rd7 1-0

[Event "Koszalin"]
[Site "?"]
[Date "1997.??.??"]
[Round "?"]
[White "Ribli, Z."]
[Black "Macieja, B."]
[Result "1/2-1/2"]
[WhiteElo "2570"]
[BlackElo "2470"]
[PlyCount "133"]
[EventDate "1997.??.??"]
[Source "ChessBase"]
[SourceDate "1997.06.01"]

1. c4 Nf6 2. Nc3 d5 3. cxd5 Nxd5 4. g3 g6 5. Bg2 Nxc3 6. bxc3 Bg7 7. Rb1 Nd7 8. Nf3 O-O 9. O-O Nb6 10. Ng5 Rb8 11. Qb3 h6 12. Ne4 Be6 13. Qa3 Bg4 14. Re1 Bxe2 15. Nc5 Bd3 16. Nxd3 Qxd3 17. Be4 Qd7 18. Bg2 Qd3 19. Be4 Qd6 20. Qxa7 Qe6 21. Bb2 Nc4 22. Bd3 Qd5 23. Bxc4 Qxc4 24. Ba1 e6 25. Rxb7 Rxb7 26. Qxb7 Qxa2 27. d4 Qc4 28. Bb2 h5 29. h4 Rd8 30. Ra1 Bf8 31. Ra7 Kg7 32. Kg2 Bd6 33. Ba3 Qxc3 34. Bxd6 Rxd6 35. Qxc7 Qxc7 36. Rxc7 Rxd4 37. Ra7 Rd3 38. Ra6 Rd7 39. Kf3 Rb7 40. Kg2 Kf6 41. Kf3 Kf5 42. Ra5+ e5 43. Rc5 f6 44. Ra5 Rb3+ 45. Kg2 Rd3 46. Rb5 Ke6 47. Rb6+ Rd6 48. Rb4 Rd5 49. Ra4 Kf5 50. Kf3 Rd3+ 51. Kg2 e4 52. Ra5+ Ke6 53. Ra6+ Ke5 54. Ra5+ Rd5 55. Ra2 Kf5 56. Rb2 g5 57. hxg5 Kxg5 58. Rb8 Rd2 59. Re8 Kf5 60. Re7 h4 61. gxh4 Kf4 62. Re6 f5 63. h5 Kg5 64. h6 Rd7 65. Kg3 Rh7 66. f4+ exf3 67. Kxf3 1/2-1/2

[Event "ADCF Masters, Abu Dhabi UAE"]
[Site "?"]
[Date "2001.??.??"]
[Round "2"]
[White "Kotsur, P."]
[Black "Prasad, D."]
[Result "1-0"]
[WhiteElo "2600"]
[BlackElo "2440"]
[PlyCount "65"]
[EventDate "2001.??.??"]
[Source "www.chesslib.no"]
[SourceDate "2004.05.04"]

1. c4 Nf6 2. Nc3 d5 3. cxd5 Nxd5 4. g3 g6 5. Bg2 Nb6 6. b3 Bg7 7. Bb2 O-O 8. Nf3 c5 9. d3 Bd7 10. O-O Bc6 11. Rc1 N8d7 12. Qd2 Nf6 13. Rfd1 Rc8 14. Bh3 Bd7 15. Bf1 a6 16. Ne5 Be6 17. Bg2 Qd6 18. Nf3 Nbd7 19. Ng5 b5 20. Nxe6 Qxe6 21. e3 Rfd8 22. Ne2 Nd5 23. d4 c4 24. bxc4 bxc4 25. e4 N5f6 26. Nf4 Qd6 27. Bc3 Qc6 28. e5 Ne4 29. d5 Nxd2 30. dxc6 Nxe5 31. Rxd2 Nxc6 32. Rxd8+ Nxd8 33. Nd5 1-0

[Event "CCCA"]
[Site "?"]
[Date "1996.07.15"]
[Round "?"]
[White "Kurtz Murray (CAN)"]
[Black "Hollis Adrian Swayne (ENG)"]
[Result "1-0"]
[WhiteElo "2500"]
[BlackElo "2535"]
[PlyCount "83"]
[EventDate "1996.??.??"]
[Source "www.chesslib.no"]
[SourceDate "2004.05.04"]

1. c4 Nf6 2. Nc3 d5 3. cxd5 Nxd5 4. Nf3 g6 5. Qa4+ Bd7 6. Qh4 Bc6 7. Qd4 f6 8. e3 Bg7 9. Be2 e5 10. Qc4 Qd6 11. d4 Nd7 12. O-O f5 13. Nb5 Bxb5 14. Qxb5 O-O-O 15. Rd1 e4 16. Nd2 c6 17. Qb3 N7f6 18. Nc4 Qc7 19. Bd2 h5 20. h3 Ng4 21. hxg4 hxg4 22. g3 Be5 23. Bf1 Bxg3 24. Bg2 Rh2 25. Ba5 b6 26. Rac1 Qh7 27. Nxb6+ axb6 28. fxg3 Rxg2+ 29. Kxg2 Qh3+ 30. Kf2 Qh2+ 31. Ke1 Qxg3+ 32. Ke2 Qf3+ 33. Ke1 Kb7 34. Bxb6 Nxb6 35. Rc3 g3 36. Kd2 Rd5 37. Kc1 g2 38. Kb1 Rb5 39. Qf7+ Ka6 40. Rdc1 g1=Q 41. Rxg1 Rxb2+ 42. Ka1 1-0

[Event "Berliner Sommer"]
[Site "Berlin GER"]
[Date "1993.??.??"]
[Round "?"]
[White "Eingorn, Vereslav S"]
[Black "Shmuter, Leonid"]
[Result "1/2-1/2"]
[WhiteElo "2580"]
[BlackElo "2455"]
[PlyCount "84"]
[EventDate "1993.08.??"]
[Source "www.chesslib.no"]
[SourceDate "2004.05.04"]

1. c4 Nf6 2. Nc3 d5 3. e3 g6 4. Qa4+ c6 5. cxd5 Nxd5 6. Qd4 f6 7. Nf3 Bg7 8. Nxd5 cxd5 9. Bb5+ Nc6 10. Qc5 O-O 11. Bxc6 bxc6 12. Nd4 Qd7 13. Qxc6 Rb8 14. Qxd7 Bxd7 15. Ne2 e5 16. d4 Bb5 17. Bd2 Bxe2 18. Kxe2 Rxb2 19. Rhb1 Rfb8 20. Rxb2 Rxb2 21. dxe5 fxe5 22. a4 Bf8 23. Ke1 Bd6 24. Rc1 Kf7 25. Rc8 Ke6 26. Kd1 Rb8 27. Rc6 Kd7 28. Rc2 Rb1+ 29. Rc1 Rxc1+ 30. Kxc1 e4 31. h3 a6 32. Kc2 Kc6 33. Bc3 Kc5 34. Kb3 Kc6 35. Bd4 Be7 36. f4 exf3 37. gxf3 Bd6 38. Kc3 Be7 39. Kd3 Kd6 40. Bb2 Ke6 41. e4 dxe4+ 42. Kxe4 Bc5 1/2-1/2

[Event "GER"]
[Site "GER"]
[Date "1983.??.??"]
[Round "?"]
[White "Smejkal, Jan"]
[Black "Gutman, Lev"]
[Result "1-0"]
[WhiteElo "2560"]
[BlackElo "2475"]
[PlyCount "55"]
[EventDate "1983.??.??"]
[Source "www.chesslib.no"]
[SourceDate "2004.05.04"]

1. c4 Nf6 2. Nc3 d5 3. cxd5 Nxd5 4. g3 Nxc3 5. bxc3 g6 6. Bg2 Bg7 7. Rb1 Nd7 8. Nf3 O-O 9. O-O Nb6 10. Ng5 Qe8 11. Qc2 h6 12. Ne4 Bd7 13. Nc5 Bc6 14. e4 Rb8 15. d4 Nd7 16. Ne6 fxe6 17. d5 exd5 18. exd5 Bxd5 19. Bxd5+ Kh7 20. Rxb7 Rxb7 21. Bxb7 Nc5 22. Bg2 Qa4 23. Qe2 e6 24. c4 Rd8 25. Be3 Nd3 26. Be4 Qxc4 27. Qg4 Kh8 28. Qxg6 1-0

[Event "Metz op 14th"]
[Site "?"]
[Date "1996.??.??"]
[Round "?"]
[White "Eingorn Vereslav S"]
[Black "Bogdanov Valentin"]
[Result "1-0"]
[WhiteElo "2580"]
[BlackElo "2450"]
[PlyCount "79"]
[EventDate "1996.??.??"]
[Source "www.chesslib.no"]
[SourceDate "2004.05.04"]

1. c4 Nf6 2. Nc3 d5 3. cxd5 Nxd5 4. g3 g6 5. Bg2 Nb6 6. d3 Bg7 7. Be3 Nc6 8. Rc1 Nd4 9. h4 Nf5 10. Bd2 h5 11. Nf3 c6 12. O-O O-O 13. Re1 Nd5 14. e4 Nxc3 15. bxc3 Nd6 16. Bf4 Bg4 17. e5 Nb5 18. d4 Nc7 19. c4 Qd7 20. Be3 Rad8 21. Qb3 Ne6 22. Rcd1 Rc8 23. Rd2 Rfd8 24. Qa3 b6 25. Ng5 Nxg5 26. Bxg5 Re8 27. d5 cxd5 28. cxd5 e6 29. d6 Rc5 30. Be3 Rxe5 31. Rc1 Ra5 32. Qb3 Rd8 33. Bg5 f6 34. Rc7 Qa4 35. Qc3 e5 36. Bc6 Rc5 37. Qxc5 bxc5 38. Bxa4 fxg5 39. Bb3+ Kh8 40. hxg5 1-0